000 00630nam a2200205Ia 4500
001 19775
003 GE_BSU
008 181216s||||||||xx |||||||||||||| ||und||
040 _cGE_BSU
245 _aВода химия и экология 12/2016.
245 _bВсероссийский научно-практический журнал
245 _cГл. ред. Кулов Н.Н.
260 _aМосква
260 _c2016
300 _a96стр. 29см. илл.
653 _aВода химия и экология 12/2016.
653 _aПериодика
653 _aპერიოდიკა
942 _cCR
999 _c52749
_d52749